<?xml version="1.0" encoding="UTF-8"?>
<record
    xmlns:xsi="http://www.w3.org/2001/XMLSchema-instance"
    xsi:schemaLocation="http://www.loc.gov/MARC21/slim http://www.loc.gov/standards/marcxml/schema/MARC21slim.xsd"
    xmlns="http://www.loc.gov/MARC21/slim">

  <leader>01000nas a2200253Ia 4500</leader>
  <controlfield tag="001">R142/B7047</controlfield>
  <controlfield tag="003">IT-RoPAU</controlfield>
  <controlfield tag="008">151124c99999999xx ||||||||||||   ||und||</controlfield>
  <datafield tag="040" ind1=" " ind2=" ">
    <subfield code="a">IT-RoPAU</subfield>
  </datafield>
  <datafield tag="040" ind1=" " ind2=" ">
    <subfield code="c">IT-RoPAU</subfield>
  </datafield>
  <datafield tag="041" ind1=" " ind2=" ">
    <subfield code="a">FRANCESE</subfield>
  </datafield>
  <datafield tag="100" ind1=" " ind2=" ">
    <subfield code="a">Mayere Anne</subfield>
    <subfield code="g">Codice Aut. SPICS: 34255</subfield>
  </datafield>
  <datafield tag="210" ind1=" " ind2=" ">
    <subfield code="a">RESEAUX</subfield>
  </datafield>
  <datafield tag="222" ind1=" " ind2=" ">
    <subfield code="a">Reseaux</subfield>
  </datafield>
  <datafield tag="245" ind1=" " ind2=" ">
    <subfield code="a">RESEAUX, N.058 (MARZO/APRILE 1993)</subfield>
    <subfield code="b">Logiques D'Information, Logiques De Service</subfield>
  </datafield>
  <datafield tag="250" ind1=" " ind2=" ">
    <subfield code="a">1a ed.</subfield>
  </datafield>
  <datafield tag="260" ind1=" " ind2=" ">
    <subfield code="a">PARIS</subfield>
    <subfield code="b">CNET</subfield>
    <subfield code="c">1993</subfield>
  </datafield>
  <datafield tag="501" ind1=" " ind2=" ">
    <subfield code="b">Paulus - SPICS - Societ&#xE0; San Paolo EM (non-commercial uses only)</subfield>
    <subfield code="c">Copyright2015</subfield>
  </datafield>
  <datafield tag="300" ind1=" " ind2=" ">
    <subfield code="a">19 p. [27-45]</subfield>
  </datafield>
  <datafield tag="362" ind1=" " ind2=" ">
    <subfield code="a">N.058 (MARZO/APRILE 1993)</subfield>
  </datafield>
  <datafield tag="500" ind1=" " ind2=" ">
    <subfield code="a">Logiche D'Informazione e di Servizio. Dimensioni Dimenticate da Riconsiderare. Modello dell'Industria Manifatturiera. Digressione Pittorica per Pensare la Differenza tra Prodotti e Servizi D'Informazione. Produzione D'Informazione O di Servizi: una Tensio</subfield>
  </datafield>
  <datafield tag="650" ind1=" " ind2=" ">
    <subfield code="a">COMUNICAZIONE</subfield>
    <subfield code="v">PUBBLICAZIONE PERIODICA</subfield>
  </datafield>
  <datafield tag="942" ind1=" " ind2=" ">
    <subfield code="c">CR</subfield>
  </datafield>
  <datafield tag="999" ind1=" " ind2=" ">
    <subfield code="c">192399</subfield>
    <subfield code="d">192399</subfield>
  </datafield>
  <datafield tag="952" ind1=" " ind2=" ">
    <subfield code="0">0</subfield>
    <subfield code="1">0</subfield>
    <subfield code="4">0</subfield>
    <subfield code="6">R_142_000000000000000_B7047</subfield>
    <subfield code="7">1</subfield>
    <subfield code="a">SPICS</subfield>
    <subfield code="b">SPICS</subfield>
    <subfield code="d">2015-11-25</subfield>
    <subfield code="l">0</subfield>
    <subfield code="o">R142/B7047</subfield>
    <subfield code="r">2015-11-25 00:00:00</subfield>
    <subfield code="w">2015-11-25</subfield>
    <subfield code="y">CR</subfield>
    <subfield code="z">Progr. Ins: 61128 / Copia rara: NO / date import: 25.11.2015  / By Epidotti, Trombetti, Vaglietti</subfield>
  </datafield>
</record>
